| 000 | 01242nam a2200289 a 4500 | ||
|---|---|---|---|
| 001 | 000005771 | ||
| 005 | 20200929151758.0 | ||
| 008 | 820826r19811835uy a f000 0 spa | ||
| 040 |
_aDO-SdBNP _cDLC _dDLC |
||
| 082 |
_aU861.08 _bP256 |
||
| 245 | 0 | 3 |
_aEl Parnaso oriental, o, Guirnalda poética de la República Uruguaya / _cLuciano Lira [compilador] ; prólogo de Juan E. Pivel Devoto. |
| 250 | _aReimpresión facsimilar. | ||
| 260 |
_aMontevideo : _bMinisterio de Educación y Cultura, _c1981. |
||
| 300 |
_a3 v. : _bill. ; _c19 cm. |
||
| 490 | 1 | _aBiblioteca Artigas. | |
| 490 | 1 |
_aCásicos uruguayos ; _v159-161 |
|
| 500 | _aReprint (v. 1). Originally published: Buenos Aires : Impr. de la Libertad, 1835. | ||
| 500 | _aReprint (v. 2). Originally published: Montevideo : Impr. de la Caridad, 1835. | ||
| 500 | _aReprint (v. 3). Originally published: Montevideo : Impr. Oriental, 1837. | ||
| 650 | 4 |
_aPoesia uruguaya _xColecciones _ySIGLO XIX _916338 |
|
| 650 | 4 |
_aLiteratura uruguaya _93054 |
|
| 700 | 1 |
_aLira, Luciano, _dd. 1840? _916339 |
|
| 700 | 1 |
_aPivel Devoto, Juan E. _916316 |
|
| 740 | 0 | _aParnaso oriental. | |
| 830 | 0 |
_aBiblioteca Artigas. _pClásicos uruguayos ; _vv. 159-161 _916276 |
|
| 910 | _aCatalogación por copia / LC | ||
| 999 |
_c5567 _d5567 |
||